000
00264nam a2200097Ia 4500
001
1184569
005
20250827020916.0
008
250824s9999 xx 000 0 und d
245
0
_a
KARİYER DE YAPARIM BABALIK DA
_c
EBUBEKİR ERTEM
260
_b
CEZVE KİTAP YAYINLARI
999
_c
1184569
_d
1184569